00503pab a2200157 454500008004000000100002700040245010500067260000900172300001300181362000800194650003500202650001100237700002300248700001900271773005500290180718b1996 xxu||||| |||| 00| 0 eng d aSrivastava, Kanshal K. aOccupational structure and educational status of tribes: a case study of Bhotia tribes of U.P. hills c1996 ap.173-78 aApr aTribes - India - Uttar Pradesh aTribes aSrivastava, Tanuja aNautiyal, D.K. aJournal of Educational Planning and Administration